SPSS survival manual: A step by step guide to data analysis using IBM SPSS (Record no. 395419)

MARC details
000 -LEADER
fixed length control field 00559 a2200205 4500
005 - DATE & TIME
control field 20260129104934.0
008 - FIXED-LENGTH DATA ELEMENTS--GENERAL INFORMATION
fixed length control field 260128b |||||||| |||| 00| 0 eng d
020 ## - ISBN
International Standard Book Number 9781760875534
Price £ 31.99
040 ## - CATALOGING SOURCE
Original cataloging agency VIVEKANANDA LIBRARY
082 ## - DDC NUMBER
Classification number 519.50285
Book Number P117S(7)
100 ## - MAIN ENTRY--PERSONAL NAME
Personal name Pallant, Julie
245 ## - TITLE STATEMENT
Title SPSS survival manual: A step by step guide to data analysis using IBM SPSS
250 ## - EDITION STATEMENT
Edition statement 7th
260 ## - PUBLICATION, DISTRIBUTION, ETC. (IMPRINT)
Name of publisher, distributor, etc Routledge
Date of publication, distribution, etc 2020
Place of publication, distribution, etc New York
300 ## - PHYSICAL DESCRIPTION
Pages xvi, 361
650 ## - Subject
Subject Statistics
650 ## - Subject
Subject Computer Applications
650 ## - Subject
Subject SPSS Manuals
942 ## - ADDED ENTRY ELEMENTS (KOHA)
Koha item type Books
Holdings
Withdrawn status Lost status Source of classification or shelving scheme Damaged status Not for loan Location (home branch) Sublocation or collection (holding branch) Shelving location Date acquired Koha issues (times borrowed) Koha full call number Accession No. Koha date last seen Koha item type
    Dewey Decimal Classification     VIVEKANANDA LIBRARY VIVEKANANDA LIBRARY Chaudhry Ranbir Singh Inst. of Social and Economic Change 22/12/2025   519.50285 P117S 443773 22/12/2025 Books
© Designed and Maintained by Vivekananda Library, MDU Rohtak